000 00263nam a22001217a 4500
008 180517b xxu||||| |||| 00| 0 eng d
041 _aeng
080 _a043.3
100 _a0
101 _aSHKI-BA
245 _aNoSql (Not only SQL)
_cDauti, V
942 _2udc
_cBK
999 _c45896
_d45896